| 000 | 00501nam a22001577a 4500 | ||
|---|---|---|---|
| 003 | NUST | ||
| 038 | _aNusrat Nadeem | ||
| 082 | _a200 | ||
| 100 |
_aMunir, Lamya _9130648 |
||
| 245 |
_aEating Habits Through Sentiment Analysis: A Study of Social Media Data/ _cLamya Munir, |
||
| 264 |
_aIslamabad: _bSEECS NUST. _c2025. |
||
| 650 |
_aMS- Data Science _9123017 |
||
| 700 |
_aSupervisor: Dr. Tahira Lashari _9130649 |
||
| 856 | _u http://10.250.8.41:8080/xmlui/handle/123456789/54892 | ||
| 942 |
_2ddc _cSC |
||
| 999 |
_c614828 _d614828 |
||